000 00474nab a2200145Ia 4500
003 ES-SlBCS
005 20210601125103.0
008 140529s1957 xxu||||| |||| 00| 0 eng d
041 _aeng
100 1 _aCunningham, Francis A.
_950336
245 0 4 _aThe Second Operation and the Assent vs. Judgement in St. Thomas
_c Francis A. Cunningham
600 0 4 _aTomás de Aquino-Juicio
_9153855
773 0 _tNew Scholasticism (The)
_gvol. 31, 1957, págs. 1-33
_wRev1674
942 _cAR
999 _c524534
_d524534